| 000 | 00708cam a2200277 4500 | ||
|---|---|---|---|
| 008 | 090401t1988 xxu||||| |||| 00| 0 eng d | ||
| 020 | _a0899301835 | ||
| 035 | _a(Sirsi) u2965 | ||
| 041 | _aeng | ||
| 050 | _a332.6324091 | ||
| 100 | _aHines, M. | ||
| 245 | _aGuide to international real estate investment | ||
| 260 |
_aNew York _bQuorum Books _c1988 |
||
| 300 | _aviii,348p. ; 24cm. | ||
| 350 | _a42.95 | ||
| 650 | _aHOTELS | ||
| 650 | _aINDUSTRIAL PROPERTY | ||
| 650 | _aINTERNATIONAL PROPERTY | ||
| 650 | _aNEW TOWNS | ||
| 650 | _aOFFICES | ||
| 650 | _aPROPERTY INVESTMENT | ||
| 650 |
_aRESIDENTIAL PROPERTY _96266 |
||
| 650 | _aSHOPPING CENTRES | ||
| 942 | _n0 | ||
| 948 | _c04/03/1997 | ||
| 999 |
_c85839 _d85839 |
||